00818cam a2200229 a 45000010008000000030017000080050017000250080041000420100017000830200028001000200035001280400018001630430012001810500021001930820012002142450150002262600048003763000041004245040051004656510050005167000022005661669688ALUPE UNIVERSITY20210611084849.0980218s1999 nyuab b 001 0 eng  a 98014544  a0195097424 (alk. paper) a0195097432 (pbk. : alk. paper) aDLCcDLCdDLC ae-gr---00aDF77b.A595 199800a93822100aAncient Greece :ba political, social, and cultural history /cby Sarah B. Pomeroy, Stanley M. Burstein, Walter Donlan, Jennifer Tolbert Roberts. aNew York :bOxford University Press,c1999. axxix, 512 p. :bill., maps ;c25 cm. aIncludes bibliographical references and index. 0aGreecexCivilizationyTo 146 B.C.vTextbooks.1 aPomeroy, Sarah B.